书目信息 |
| 题名: |
博弈学习理论
|
|
| 作者: | 陈学彬 编著 | |
| 分册: | ||
| 出版信息: | 上海 上海财经大学出版社 1999 |
|
| 页数: | 316页 | |
| 开本: | 21cm | |
| 丛书名: | 当代经济学前沿研究丛书 | |
| 单 册: | ||
| 中图分类: | F224.32 | |
| 科图分类: | ||
| 主题词: | 对策论--应用--经济 | |
| 电子资源: | ||
| ISBN: | 7-81049-320-5 | |
| 000 | 00636nam2 2200217 45 | |
| 001 | 0111061635 | |
| 005 | 20050523103748.4 | |
| 010 | @a7-81049-320-5@dCNY24.00 | |
| 100 | @a20011106d1999 km y0chiy0120 ea | |
| 101 | 0 | @achi |
| 105 | @a z 000yy | |
| 200 | 1 | @a博弈学习理论@ABo Yi Xue Xi Li Lun@f陈学彬编著@FChen Xue Bin Bian Zhu |
| 210 | @a上海@c上海财经大学出版社@d1999 | |
| 215 | @a316页@d21cm | |
| 225 | @a当代经济学前沿研究丛书 | |
| 410 | @12001 @a当代经济学前沿研究丛书 | |
| 606 | 0 | @a对策论@x应用@x经济 |
| 690 | @aF224.32@v4 | |
| 701 | @a陈学彬@4编著 | |
| 801 | @aCN@bTSTC@c20011106 | |
| 905 | @f5@b300486-490@dF224.32@e115 | |
| 博弈学习理论/陈学彬编著.-上海:上海财经大学出版社,1999 |
| 316页;21cm.-(当代经济学前沿研究丛书) |
| ISBN 7-81049-320-5:CNY24.00 |
| ● |
| 相关链接 |
|
|
|
|
正题名:博弈学习理论
索取号:F224.32/115
 
预约/预借
| 序号 | 登录号 | 条形码 | 馆藏地/架位号 | 状态 | 备注 |
| 1 | 0300486 | 203004863 | 第一借阅区/ [索取号:F224.32/115] | 在馆 | |
| 2 | 0300487 | 203004872 | 第一借阅区/ [索取号:F224.32/115] | 在馆 | |
| 3 | 0300488 | 203004881 | 第一借阅区/ [索取号:F224.32/115] | 在馆 | |
| 4 | 0300489 | 203004890 | 第一借阅区/ [索取号:F224.32/115] | 在馆 | |
| 5 | 0300490 | 203004907 | 第一样本阅览室/ [索取号:F224.32/115] | 在馆 |